|
|
|
|
| LEADER |
00000cam a2200000 i 4500 |
| 001 |
1/22492 |
| 008 |
120809s2007 gre d |
| 020 |
|
|
|a 978-9963-618-39-2
|
| 035 |
|
|
|l 10113067
|
| 040 |
|
|
|a GR-MY-UA
|b gre
|e aacr
|
| 041 |
0 |
|
|a gre
|
| 082 |
0 |
|
|a 808.899
|2 (22)
|
| 100 |
1 |
|
|a Πουλχερίου, Κίκα,
|d 1934-
|
| 245 |
1 |
2 |
|a Η Ρυπώ :
|b θεατρικό έργο για παιδιά /
|c Κίκα Πουλχερίου-Ιωάννα Αργυρού
|
| 260 |
|
|
|a Αθήνα :
|b Πάργα,
|c 2007
|
| 300 |
|
|
|a 112 σ.;
|c 21 εκ.
|
| 650 |
0 |
0 |
|a Children's literature, Greek (Modern)
|
| 650 |
0 |
0 |
|a Children's literature, Greek (Modern)
|z Cyprus.
|
| 700 |
1 |
|
|a Αργυρού, Ιωάννα.
|
| 852 |
|
|
|a INST
|b RHODES
|e 20120809
|h 808.899 ΠΟΥ
|p 005400034481
|q 005400034481
|t BK
|y 0
|
| 901 |
|
|
|a BIBL4-2012-2
|
| 909 |
|
|
|a Ρ
|b 171119
|
| 922 |
|
|
|a 4ΕΛΗ
|
| 970 |
|
|
|z 2012/08/09
|